[Event "Online Olym Div Top-A"]
[Site "Chess.com INT"]
[Date "2021.09.09"]
[Round "4.3"]
[White "Batchimeg, Tuvshintugs"]
[Black "Alinasab, Mobina"]
[Result "1/2-1/2"]
[WhiteElo "2355"]
[BlackElo "2309"]
[PlyCount "132"]
[EventDate "2021.09.08"]
[EventType "team (rapid)"]
[EventRounds "9"]
[EventCountry "USA"]
[SourceTitle "CBM 204 Extra"]
[Source "ChessBase"]
[SourceDate "2021.11.30"]
[SourceVersion "1"]
[SourceVersionDate "2021.11.30"]
[SourceQuality "1"]
[WhiteTeam "Mongolia"]
[BlackTeam "Iran"]
[WhiteTeamCountry "MGL"]
[BlackTeamCountry "IRI"]

1. d4 d5 2. c4 e6 3. Nc3 c5 4. cxd5 exd5 5. e3 Nf6 6. Nf3 a6 7. Be2 Be7 8. 0-0 0-0 9. dxc5 Bxc5 10. Nd4 b5 11. Bf3 Bb7 12. a3 Ne4 13. Nce2 Nd7 14. b4 Bb6 15. Bb2 Ne5 16. Bxe4 dxe4 17. Nf5 Qf6 18. Qd6 Qxf5 19. Qxb6 Nc4 20. Qxb7 Nxb2 21. Ng3 Qe6 22. Qxe4 Qxe4 23. Nxe4 Rac8 24. Rfc1 Rfd8 25. Nc5 Rc6 26. Rc2 Nc4 27. a4 h6 28. axb5 axb5 29. g3 Rcd6 30. Kg2 Rd2 31. Rxd2 Rxd2 32. Ra8+ Kh7 33. Re8 Rb2 34. Na6 Kg6 35. h4 f5 36. e4 Kf7 37. Nc7 fxe4 38. Rxe4 Rxb4 39. Nxb5 Rxb5 40. Rxc4 h5 41. Rc7+ Kf6 42. Rc6+ Kf7 43. Kh3 g6 44. Rc4 Rb3 45. Rf4+ Kg7 46. f3 Rc3 47. g4 hxg4+ 48. Kxg4 Rc1 49. Rd4 Rg1+ 50. Kf4 Kf6 51. Rd6+ Kf7 52. Rb6 Kg7 53. Rb5 Kf6 54. Rb7 Rh1 55. Rh7 Ra1 56. h5 Ra4+ 57. Kg3 gxh5 58. Rxh5 Kg6 59. Rc5 Rb4 60. Rc6+ Kf5 61. Rc5+ Kf6 62. f4 Rb1 63. Rc6+ Kf5 64. Rc5+ Kf6 65. Rc6+ Kf5 66. Rc5+ Kf6 1/2-1/2

[Event "Online Olym Div Top-A"]
[Site "Chess.com INT"]
[Date "2021.09.08"]
[Round "1.5"]
[White "Sihite, Chelsie Monica"]
[Black "Batchimeg, Tuvshintugs"]
[Result "1-0"]
[WhiteElo "2252"]
[BlackElo "2355"]
[PlyCount "69"]
[EventDate "2021.09.08"]
[EventType "team (rapid)"]
[EventRounds "9"]
[EventCountry "USA"]
[SourceTitle "CBM 204 Extra"]
[Source "ChessBase"]
[SourceDate "2021.11.30"]
[SourceVersion "1"]
[SourceVersionDate "2021.11.30"]
[SourceQuality "1"]
[WhiteTeam "Indonesia"]
[BlackTeam "Mongolia"]
[WhiteTeamCountry "INA"]
[BlackTeamCountry "MGL"]

1. c4 e6 2. g3 d5 3. Bg2 c6 4. cxd5 exd5 5. Nf3 Nf6 6. 0-0 Bd6 7. d3 0-0 8. Nc3 Re8 9. Re1 Bg4 10. e4 dxe4 11. dxe4 Bc7 12. Qc2 Nbd7 13. Be3 Bxf3 14. Bxf3 Ne5 15. Bg2 Neg4 16. Bc5 Bb6 17. Na4 Bxc5 18. Nxc5 Qb6 19. Rad1 Rad8 20. h3 Ne5 21. Kh1 Nfd7 22. Na4 Qc7 23. f4 Ng6 24. b4 h5 25. h4 Nxh4 26. Bh3 Ng6 27. e5 h4 28. e6 Ndf8 29. Rxd8 Rxd8 30. Nc5 hxg3 31. f5 Ne5 32. exf7+ Nxf7 33. Ne6 Qe7 34. Qc3 Rd5 35. Qxg7# 1-0

[Event "Titled Tuesday intern op 01st June"]
[Site "Chess.com INT"]
[Date "2021.06.01"]
[Round "2"]
[White "Batchimeg, Tuvshintugs"]
[Black "Grigoryan, Meri"]
[Result "1-0"]
[WhiteElo "2356"]
[BlackElo "2044"]
[PlyCount "51"]
[EventDate "2021.06.01"]
[EventType "swiss (blitz)"]
[EventRounds "11"]
[EventCountry "USA"]
[SourceTitle "CBM 202 Extra"]
[Source "ChessBase"]
[SourceDate "2021.07.31"]
[SourceVersion "1"]
[SourceVersionDate "2021.07.31"]
[SourceQuality "1"]

1. e4 d5 2. exd5 Qxd5 3. Nc3 Qa5 4. Nf3 Nf6 5. d4 Bg4 6. h3 Qh5 7. Be2 Nc6 8. 0-0 0-0-0 9. hxg4 Nxg4 10. Bf4 f5 11. d5 h6 12. Nh2 g5 13. Nxg4 gxf4 14. Ne5 Qg5 15. Nxc6 bxc6 16. Qd4 Bg7 17. Qxa7 cxd5 18. Nb5 Be5 19. Bf3 e6 20. Rfe1 Qf6 21. Rad1 Kd7 22. c4 Ra8 23. Qc5 Bd6 24. Nxd6 cxd6 25. Qb5+ Ke7 26. Qb7+ 1-0

[Event "Titled Tuesday intern op 01st June"]
[Site "Chess.com INT"]
[Date "2021.06.01"]
[Round "11"]
[White "Jakubowska, Anna"]
[Black "Batchimeg, Tuvshintugs"]
[Result "0-1"]
[WhiteElo "2073"]
[BlackElo "2356"]
[PlyCount "64"]
[EventDate "2021.06.01"]
[EventType "swiss (blitz)"]
[EventRounds "11"]
[EventCountry "USA"]
[SourceTitle "CBM 202 Extra"]
[Source "ChessBase"]
[SourceDate "2021.07.31"]
[SourceVersion "1"]
[SourceVersionDate "2021.07.31"]
[SourceQuality "1"]

1. e4 d5 2. exd5 Qxd5 3. Nc3 Qa5 4. d4 c6 5. Bc4 Nf6 6. Nf3 Bf5 7. Bd2 e6 8. Qe2 Nbd7 9. Nd5 Qd8 10. Nxf6+ Nxf6 11. 0-0-0 Be7 12. Rhe1 b5 13. Bb3 a5 14. c4 a4 15. Bc2 Bxc2 16. Kxc2 0-0 17. Ne5 Qb6 18. Bg5 Rfd8 19. Bxf6 Bxf6 20. c5 Qc7 21. f4 b4 22. Kb1 Rd5 23. g4 Rad8 24. Qe4 Bxe5 25. fxe5 Qd7 26. Rf1 Rxd4 27. Rxd4 Qxd4 28. Qf4 Rd7 29. Kc1 Kf8 30. h3 Qxc5+ 31. Kb1 Qd4 32. Qg5 Qd3+ 0-1

[Event "Online Olym Div Top-A"]
[Site "Chess.com INT"]
[Date "2020.08.22"]
[Round "4.4"]
[White "Lei, Tingjie"]
[Black "Batchimeg, Tuvshintugs"]
[Result "1/2-1/2"]
[WhiteElo "2505"]
[BlackElo "2356"]
[PlyCount "169"]
[EventDate "2020.08.21"]
[EventType "tourn (rapid)"]
[EventRounds "9"]
[EventCountry "USA"]
[SourceTitle "CBM 198"]
[Source "ChessBase"]
[SourceDate "2020.10.31"]
[SourceVersion "1"]
[SourceVersionDate "2020.10.31"]
[SourceQuality "1"]
[WhiteTeam "China"]
[BlackTeam "Mongolia"]
[WhiteTeamCountry "CHN"]
[BlackTeamCountry "MGL"]

1. d4 Nf6 2. c4 g6 3. f3 Bg7 4. e4 d6 5. Nc3 0-0 6. Be3 e5 7. d5 Nh5 8. Qd2 a5 9. Nge2 a4 10. g4 Nf4 11. h4 Nd7 12. Rd1 Qe7 13. h5 Nc5 14. Ng3 Bd7 15. Qh2 Bf6 16. Kd2 Bg5 17. Kc2 h6 18. Kb1 Kg7 19. Qf2 b6 20. Be2 Qf6 21. Rdg1 Rab8 22. Qe1 Ncd3 23. Bxd3 Nxd3 24. Bxg5 Qxg5 25. Qe2 Nf4 26. Qd2 Nh3 27. Qxg5 Nxg5 28. Rf1 b5 29. cxb5 Bxb5 30. Rf2 Bd3+ 31. Ka1 Rb4 32. Rd1 Ba6 33. Rc1 Rfb8 34. Nb1 R8b7 35. Rfc2 Nxf3 36. Rxc7 Rxb2 37. Rxb7 Rxb7 38. Rc6 Bd3 39. Na3 Nd4 40. Rxd6 Nb5 41. Nxb5 Rxb5 42. a3 Rb3 43. hxg6 fxg6 44. Rd7+ Kf6 45. Rd6+ Kg5 46. Re6 Kf4 47. d6 Bc4 48. Re8 Rxa3+ 49. Kb2 Rd3 50. Ne2+ Ke3 51. Nc1 Rxd6 52. Rxe5 Kf4 53. Ra5 Be6 54. Rxa4 Rb6+ 55. Kc3 Kxg4 56. Nd3 h5 57. e5+ Kf5 58. Rf4+ Kg5 59. Rf6 Rc6+ 60. Kd4 Rc4+ 61. Ke3 Bf5 62. Nf2 Rc3+ 63. Ke2 Rc5 64. Rf8 Rxe5+ 65. Kf3 Rc5 66. Rh8 Rc3+ 67. Kg2 h4 68. Rh7 Rc2 69. Rh8 Be4+ 70. Kg1 Bf3 71. Rh7 Kf4 72. Rxh4+ Kg3 73. Rh3+ Kf4 74. Rh4+ Kf5 75. Rh8 Bc6 76. Rf8+ Kg5 77. Kh2 Be4 78. Kg3 Rc3+ 79. Kh2 Bf5 80. Kg2 Kf4 81. Rb8 Rc4 82. Rf8 Rc3 83. Rb8 Rg3+ 84. Kf1 Rc3 85. Kg2 1/2-1/2

[Event "Online Olym Div Top-A"]
[Site "Chess.com INT"]
[Date "2020.08.21"]
[Round "3.4"]
[White "Batchimeg, Tuvshintugs"]
[Black "Schulze, Lara"]
[Result "0-1"]
[WhiteElo "2356"]
[BlackElo "2314"]
[PlyCount "112"]
[EventDate "2020.08.21"]
[EventType "tourn (rapid)"]
[EventRounds "9"]
[EventCountry "USA"]
[SourceTitle "CBM 198"]
[Source "ChessBase"]
[SourceDate "2020.10.31"]
[SourceVersion "1"]
[SourceVersionDate "2020.10.31"]
[SourceQuality "1"]
[WhiteTeam "Mongolia"]
[BlackTeam "Germany"]
[WhiteTeamCountry "MGL"]
[BlackTeamCountry "GER"]

1. Nf3 Nf6 2. c4 e6 3. Nc3 Bb4 4. Qc2 0-0 5. a3 Bxc3 6. Qxc3 d6 7. e3 e5 8. d3 Nbd7 9. b4 a5 10. Bb2 Nb6 11. Qc2 Bd7 12. b5 c6 13. bxc6 Bxc6 14. Be2 Na4 15. 0-0 Nxb2 16. Qxb2 Rb8 17. Rfc1 Nd7 18. d4 Re8 19. Qc2 exd4 20. Nxd4 Be4 21. Qd2 Ne5 22. f3 Bc6 23. c5 d5 24. Rab1 Nd7 25. Bb5 Qc7 26. Bd3 Ne5 27. Rb6 Rbc8 28. Bf5 Rcd8 29. Bd3 g6 30. Rcb1 a4 31. Bf1 Nd7 32. Nxc6 bxc6 33. Qd4 Nxb6 34. cxb6 Qb7 35. Qxa4 Ra8 36. Qb3 c5 37. Kf2 Re6 38. a4 d4 39. exd4 cxd4 40. Bc4 Re3 41. Qb5 Qe7 42. b7 Rb8 43. Qc6 Qh4+ 44. Kf1 Qxh2 45. Qc8+ Kg7 46. Qd7 Qh1+ 47. Kf2 Qxb1 48. Qxf7+ Kh6 49. Qf4+ g5 50. Qf6+ Qg6 51. Qxd4 Re7 52. Bd5 Rexb7 53. Be4 Rb2+ 54. Kg3 Qb6 55. Qd7 Qf2+ 56. Kg4 Qxg2+ 0-1

[Event "Online Olym Div Top-A"]
[Site "Chess.com INT"]
[Date "2020.08.21"]
[Round "2.4"]
[White "Batsiashvili, Nino"]
[Black "Batchimeg, Tuvshintugs"]
[Result "1-0"]
[WhiteElo "2457"]
[BlackElo "2356"]
[PlyCount "91"]
[EventDate "2020.08.21"]
[EventType "tourn (rapid)"]
[EventRounds "9"]
[EventCountry "USA"]
[SourceTitle "CBM 198"]
[Source "ChessBase"]
[SourceDate "2020.10.31"]
[SourceVersion "1"]
[SourceVersionDate "2020.10.31"]
[SourceQuality "1"]
[WhiteTeam "Georgia"]
[BlackTeam "Mongolia"]
[WhiteTeamCountry "GEO"]
[BlackTeamCountry "MGL"]

1. d4 Nf6 2. c4 g6 3. Nc3 d5 4. cxd5 Nxd5 5. e4 Nxc3 6. bxc3 Bg7 7. Be3 c5 8. Bc4 Nc6 9. Ne2 0-0 10. h4 cxd4 11. cxd4 h5 12. 0-0 e6 13. Bg5 Bf6 14. Bh6 Re8 15. e5 Bxh4 16. Qd2 b6 17. Qf4 Bb7 18. Rad1 Nb4 19. Ng3 Rc8 20. Bb3 Nd5 21. Qd2 Ne7 22. Qf4 Nd5 23. Qd2 Be7 24. Ne4 Nb4 25. Ng5 Nd5 26. f3 Bf8 27. Bxf8 Rxf8 28. Ne4 Kg7 29. Rc1 Qd7 30. Qg5 Qe7 31. Qd2 Ba6 32. Rfd1 Bb7 33. Bxd5 Bxd5 34. Nf6 Rc7 35. Qg5 Rh8 36. Rxc7 Qxc7 37. Rc1 Qd8 38. Nxh5+ Kh7 39. Nf6+ Kg7 40. a3 Bb7 41. Nh5+ Kh7 42. Nf6+ Kg7 43. Qf4 Qe7 44. Rc3 Rc8 45. Qg5 Rh8 46. Nh5+ 1-0

[Event "Olympiad Women-43"]
[Site "Batumi"]
[Date "2018.10.02"]
[Round "8.4"]
[White "Batchimeg, Tuvshintugs"]
[Black "Kulon, Klaudia"]
[Result "1-0"]
[WhiteElo "2367"]
[BlackElo "2347"]
[PlyCount "105"]
[EventDate "2018.09.24"]
[EventType "team-swiss"]
[EventRounds "11"]
[EventCountry "GEO"]
[SourceTitle "EXT 2020"]
[Source "ChessBase"]
[SourceDate "2019.10.17"]
[SourceVersion "1"]
[SourceVersionDate "2019.10.17"]
[SourceQuality "1"]
[WhiteTeam "Mongolia (W)"]
[BlackTeam "Poland (W)"]
[WhiteTeamCountry "MGL"]
[BlackTeamCountry "POL"]

1. d4 Nf6 2. c4 g6 3. Nc3 Bg7 4. g3 0-0 5. Bg2 d6 6. Nf3 Nc6 7. 0-0 Bg4 8. h3 Bxf3 9. exf3 e5 10. dxe5 Nxe5 11. b3 Nfd7 12. Bb2 Nc5 13. Rb1 g5 14. Ne2 Ng6 15. Nd4 a5 16. Qc2 Be5 17. Nf5 h5 18. h4 gxh4 19. f4 Bf6 20. Qe2 Re8 21. Qxh5 Bxb2 22. Nh6+ Kf8 23. Rxb2 Qf6 24. Rd2 Ne4 25. Bxe4 Rxe4 26. Rd5 Ne7 27. Ng4 Qg6 28. Qh8+ Qg8 29. Rh5 Ra7 30. Qxg8+ Nxg8 31. Rh8 Rd4 32. Nh6 Kg7 33. Rxg8+ Kxh6 34. Kg2 Kh7 35. Rg4 d5 36. cxd5 Rxd5 37. Rc1 c5 38. Rxh4+ Kg7 39. Rg4+ Kf6 40. Rg5 Rd2 41. Rcxc5 Rxa2 42. Rc7 Ra6 43. Rb5 Rd6 44. Rbxb7 Rdd2 45. Rxf7+ Kg6 46. Kh3 a4 47. Kg4 Rd4 48. bxa4 Raxa4 49. Rfc7 Rd6 50. Rg7+ Kh6 51. Rh7+ Kg6 52. Rbg7+ Kf6 53. Rh6+ 1-0

[Event "MGL-ch (Women) 50th"]
[Site "Tsetserleg"]
[Date "2018.05.19"]
[Round "1"]
[White "Batchimeg, Tuvshintugs"]
[Black "Munkhzul, Turmunkh"]
[Result "0-1"]
[WhiteElo "2384"]
[BlackElo "2020"]
[PlyCount "102"]
[EventDate "2018.05.19"]
[EventType "tourn"]
[EventRounds "11"]
[EventCountry "MGL"]
[SourceTitle "EXT 2019"]
[Source "ChessBase"]
[SourceDate "2018.10.10"]
[SourceVersion "1"]
[SourceVersionDate "2018.10.10"]
[SourceQuality "1"]

1. d4 Nf6 2. Nf3 e6 3. e3 b6 4. Bd3 Bb7 5. 0-0 c5 6. b3 Be7 7. Bb2 0-0 8. Nbd2 d5 9. Ne5 Nbd7 10. f4 Ne4 11. Nxe4 dxe4 12. Bc4 Nxe5 13. fxe5 a6 14. a4 Bc6 15. Qe2 Qc8 16. Qg4 Bd5 17. Bxd5 exd5 18. Qe2 Qe6 19. Rad1 Rfc8 20. c4 Rd8 21. cxd5 Rxd5 22. Rf4 Bg5 23. Rff1 Rad8 24. Rde1 a5 25. Qh5 f6 26. dxc5 bxc5 27. Ba1 g6 28. Qe2 Rd2 29. Qc4 Qxc4 30. bxc4 Rc2 31. exf6 Kf7 32. Be5 Rd7 33. Rf2 Rxc4 34. g3 Rd5 35. Bc7 Rd3 36. Rfe2 Rxa4 37. h4 Bxf6 38. Rc2 Bc3 39. Rf1+ Ke6 40. Kf2 Bd2 41. Bf4 c4 42. Rb1 Bb4 43. Ke2 c3 44. g4 Rd2+ 45. Rxd2 cxd2 46. h5 Ra2 47. hxg6 hxg6 48. Kd1 Kd5 49. Ke2 d1Q+ 50. Kxd1 Rd2+ 51. Kc1 Rg2 0-1

[Event "Bangkok Cha Am op 18th"]
[Site "Bangkog"]
[Date "2018.04.17"]
[Round "5"]
[White "Tarini, Goyal"]
[Black "Batchimeg, Tuvshintugs"]
[Result "1/2-1/2"]
[WhiteElo "2088"]
[BlackElo "2391"]
[PlyCount "202"]
[EventDate "2018.04.13"]
[EventType "swiss"]
[EventRounds "9"]
[EventCountry "THA"]
[SourceTitle "CBM 184 Extra"]
[Source "ChessBase"]
[SourceDate "2018.06.28"]
[SourceVersion "1"]
[SourceVersionDate "2018.06.28"]
[SourceQuality "1"]

1. d4 Nf6 2. c4 g6 3. g3 Bg7 4. Bg2 d5 5. cxd5 Nxd5 6. Nf3 0-0 7. 0-0 Nb6 8. Nc3 c6 9. h3 Be6 10. Qc2 Na6 11. Bf4 Nb4 12. Qc1 Qc8 13. Kh2 c5 14. Bh6 Rd8 15. Bxg7 Kxg7 16. Rd1 Bc4 17. b3 Ba6 18. Qb2 cxd4 19. Nxd4 e5 20. Nf3 Qf5 21. a3 Nc6 22. a4 Rxd1 23. Rxd1 Rd8 24. Rxd8 Nxd8 25. a5 Nd7 26. b4 b6 27. Nd5 bxa5 28. bxa5 Qe4 29. Nc3 Qc4 30. Qd2 Qc7 31. Ne4 Nb7 32. h4 h6 33. Bh3 Ndc5 34. Qd5 Nxe4 35. Qxe4 Nxa5 36. Nxe5 Qb6 37. Qf3 Qf6 38. Qxf6+ Kxf6 39. Nd7+ Ke7 40. e4 Nb3 41. e5 Bc8 42. Nf6 Bxh3 43. Kxh3 a5 44. h5 a4 45. hxg6 fxg6 46. f4 a3 47. Nd5+ Ke6 48. Nb4 Nc1 49. Kh4 Kf7 50. g4 Nd3 51. e6+ Kf6 52. Nc2 a2 53. f5 Nb4 54. Na1 Nc6 55. fxg6 Kxg6 56. Nb3 Ne7 57. Na1 Ng8 58. Nc2 Ne7 59. Na1 Nd5 60. Nb3 Nf4 61. e7 Kf7 62. g5 h5 63. g6+ Nxg6+ 64. Kxh5 Nxe7 65. Kg4 Ke6 66. Kf3 Kd5 67. Ke2 Kc4 68. Na1 Kc3 69. Kd1 Kb2 70. Kd2 Kxa1 71. Kc1 Nc6 72. Kc2 Nb8 73. Kc1 Nd7 74. Kc2 Nb6 75. Kc1 Na4 76. Kc2 Nb6 77. Kc1 Nd5 78. Kc2 Nf6 79. Kc1 Ne8 80. Kc2 Nd6 81. Kc1 Ne4 82. Kc2 Nf6 83. Kc1 Ne4 84. Kc2 Nd2 85. Kc1 Nf3 86. Kc2 Ng1 87. Kc1 Nf3 88. Kc2 Nh2 89. Kc1 Ng4 90. Kc2 Nf6 91. Kc1 Ng8 92. Kc2 Ne7 93. Kc1 Nc8 94. Kc2 Na7 95. Kc1 Nb5 96. Kc2 Nd6 97. Kc1 Nb5 98. Kc2 Na3+ 99. Kc1 Nb1 100. Kc2 Nd2 101. Kc1 Ne4 1/2-1/2

[Event "Bangkok Cha Am op 18th"]
[Site "Bangkog"]
[Date "2018.04.14"]
[Round "2"]
[White "Naumov, Maxim"]
[Black "Batchimeg, Tuvshintugs"]
[Result "0-1"]
[WhiteElo "2078"]
[BlackElo "2391"]
[PlyCount "164"]
[EventDate "2018.04.13"]
[EventType "swiss"]
[EventRounds "9"]
[EventCountry "THA"]
[SourceTitle "CBM 184 Extra"]
[Source "ChessBase"]
[SourceDate "2018.06.28"]
[SourceVersion "1"]
[SourceVersionDate "2018.06.28"]
[SourceQuality "1"]

1. d4 Nf6 2. c4 g6 3. Nf3 Bg7 4. Nc3 0-0 5. e4 d6 6. Be2 e5 7. 0-0 exd4 8. Nxd4 Re8 9. f3 c6 10. Nb3 a5 11. Na4 d5 12. Bg5 h6 13. Bxf6 Bxf6 14. cxd5 b5 15. Nc3 a4 16. Nd2 a3 17. Qb3 axb2 18. Rad1 Qa5 19. Ncb1 Bd7 20. dxc6 Nxc6 21. Qxb5 Qa7+ 22. Kh1 Ne7 23. Qxb2 Bg7 24. Bc4 Nf5 25. Qb3 Ba4 26. Bxf7+ Qxf7 27. Qxf7+ Kxf7 28. exf5 Bxd1 29. fxg6+ Kxg6 30. Rxd1 Rxa2 31. Ne4 Ra1 32. Kg1 Rb8 33. Ned2 Rd8 34. Kf2 Be5 35. Re1 Bxh2 36. Ne4 Ra2+ 37. Re2 Bg1+ 38. Ke1 Ra1 39. Rb2 Bd4 40. Rb3 Be5 41. Ke2 Ra2+ 42. Nbd2 Bf4 43. Rd3 Re8 44. Kf1 Bc7 45. Rd7 Rc2 46. Ke2 Bf4 47. Kd3 Ra2 48. Ke2 Re6 49. Rd5 Bc7 50. Rd7 Ba5 51. Rd5 h5 52. Rg5+ Kh6 53. Rd5 Bb6 54. g3 Ba5 55. Ke3 Ra3+ 56. Rd3 Ra1 57. Nc4 Bc7 58. Kf2 Rc6 59. Ncd2 Rd1 60. Ke2 Rg1 61. f4 Rcc1 62. Kf3 Rc6 63. Rc3 Rxc3+ 64. Nxc3 Ba5 65. Nce4 Kg6 66. Nc4 Bc7 67. Ne3 Re1 68. Nd5 Bb8 69. Ne7+ Kf7 70. Nf5 Ba7 71. Ng5+ Kf6 72. Nd6 Bb8 73. Kf2 Re7 74. Nde4+ Kf5 75. Kf3 Ra7 76. Nc3 Ra3 77. Nge4 Bc7 78. Kf2 h4 79. Nb5 Ra2+ 80. Kf3 Bb8 81. Nbd6+ Ke6 82. f5+ Ke5 0-1

[Event "Gibraltar Masters 16th"]
[Site "Caleta"]
[Date "2018.01.24"]
[Round "8"]
[White "Muzychuk, Mariya"]
[Black "Batchimeg, Tuvshintugs"]
[Result "1-0"]
[WhiteElo "2540"]
[BlackElo "2398"]
[PlyCount "61"]
[EventDate "2018.01.23"]
[EventType "swiss"]
[EventRounds "10"]
[EventCountry "GGB"]
[SourceTitle "CBM 183"]
[Source "ChessBase"]
[SourceDate "2018.03.14"]
[SourceVersion "1"]
[SourceVersionDate "2018.03.14"]
[SourceQuality "1"]

1. c4 Nf6 2. g3 g6 3. Bg2 Bg7 4. Nc3 0-0 5. d4 d6 6. Nf3 Nc6 7. 0-0 Bg4 8. h3 Bxf3 9. Bxf3 e5 10. d5 Ne7 11. e4 Nd7 12. h4 f5 13. Bg2 Nf6 14. f3 c6 15. Bh3 cxd5 16. cxd5 Qb6+ 17. Kg2 Rac8 18. Qe2 a6 19. g4 Rc7 20. Bg5 Qb4 21. gxf5 gxf5 22. f4 Nxe4 23. Nxe4 Nxd5 24. fxe5 dxe5 25. Bxf5 Kh8 26. Rad1 Nf4+ 27. Bxf4 exf4 28. Rxf4 Be5 29. Rf3 Rg7+ 30. Kh3 Bb8 31. Rd7 1-0

[Event "Wch Blitz (Women)"]
[Site "Riadh"]
[Date "2017.12.30"]
[Round "19"]
[White "Batchimeg, Tuvshintugs"]
[Black "Khotenashvili, Bela"]
[Result "0-1"]
[WhiteElo "2398"]
[BlackElo "2476"]
[PlyCount "92"]
[EventDate "2017.12.29"]
[EventType "swiss (blitz)"]
[EventRounds "21"]
[EventCountry "SAU"]
[SourceTitle "CBM 182 Extra"]
[Source "ChessBase"]
[SourceDate "2018.02.23"]
[SourceVersion "1"]
[SourceVersionDate "2018.02.23"]
[SourceQuality "1"]

1. d4 g6 2. Nf3 Bg7 3. c4 c5 4. d5 d6 5. Nc3 e5 6. e4 Ne7 7. h4 h6 8. h5 g5 9. Nd2 f5 10. Bd3 f4 11. Be2 Ng8 12. Bg4 Nf6 13. Be6 Na6 14. Nb5 Bxe6 15. dxe6 Nc7 16. Nxc7+ Qxc7 17. Qa4+ Qc6 18. Qxc6+ bxc6 19. f3 Ke7 20. Nb3 Kxe6 21. Bd2 Rab8 22. Bc3 Ne8 23. Na5 Kd7 24. 0-0-0 Nc7 25. Rd2 Ne6 26. Rhd1 Nd4 27. Bxd4 cxd4 28. Nb3 Rb4 29. Rc2 Bf6 30. c5 d5 31. exd5 cxd5 32. c6+ Kd6 33. Nc5 Rc8 34. Nb7+ Ke6 35. Nc5+ Kf5 36. Nb7 Be7 37. a3 Rb6 38. Na5 Bd6 39. b4 Rc7 40. Rd3 g4 41. fxg4+ Kxg4 42. Re2 a6 43. Rc2 Kf5 44. Re2 Rbxc6+ 45. Nxc6 Rxc6+ 46. Kb2 e4 0-1

[Event "Wch Blitz (Women)"]
[Site "Riadh"]
[Date "2017.12.30"]
[Round "17"]
[White "Batchimeg, Tuvshintugs"]
[Black "Khukhashvili, Sopiko"]
[Result "1-0"]
[WhiteElo "2398"]
[BlackElo "2312"]
[PlyCount "69"]
[EventDate "2017.12.29"]
[EventType "swiss (blitz)"]
[EventRounds "21"]
[EventCountry "SAU"]
[SourceTitle "CBM 182 Extra"]
[Source "ChessBase"]
[SourceDate "2018.02.23"]
[SourceVersion "1"]
[SourceVersionDate "2018.02.23"]
[SourceQuality "1"]

1. d4 Nf6 2. c4 e6 3. Nc3 Bb4 4. f3 d5 5. a3 Bxc3+ 6. bxc3 c5 7. cxd5 Nxd5 8. dxc5 Qa5 9. e4 Nf6 10. Be3 Qxc3+ 11. Kf2 Nc6 12. Ne2 Qe5 13. Nd4 0-0 14. Nxc6 bxc6 15. Bd4 Qg5 16. h4 Qf4 17. Bxf6 Qxf6 18. Ra2 e5 19. Rd2 Be6 20. Rd6 Rab8 21. Qd2 Rfc8 22. Bc4 h6 23. Bxe6 fxe6 24. Qa2 Kh8 25. Rhd1 Qxh4+ 26. Kg1 Qf4 27. Qxe6 Qe3+ 28. Kh2 Qxc5 29. Qg6 Qe3 30. Rd7 Rg8 31. R1d3 Qf4+ 32. g3 Rb2+ 33. Kh3 Qc1 34. Rxg7 Rbb8 35. Qh7# 1-0

[Event "Wch Blitz (Women)"]
[Site "Riadh"]
[Date "2017.12.30"]
[Round "21"]
[White "Batchimeg, Tuvshintugs"]
[Black "Ordaz Valdes, Lisandra Teresa"]
[Result "0-1"]
[WhiteElo "2398"]
[BlackElo "2414"]
[PlyCount "56"]
[EventDate "2017.12.29"]
[EventType "swiss (blitz)"]
[EventRounds "21"]
[EventCountry "SAU"]
[SourceTitle "CBM 182 Extra"]
[Source "ChessBase"]
[SourceDate "2018.02.23"]
[SourceVersion "1"]
[SourceVersionDate "2018.02.23"]
[SourceQuality "1"]

1. d4 d5 2. c4 e6 3. Nc3 Be7 4. Nf3 Nf6 5. cxd5 exd5 6. Bg5 c6 7. Qc2 0-0 8. e3 Nbd7 9. Bd3 Re8 10. h3 Nf8 11. Bf4 Ne6 12. Bh2 c5 13. dxc5 d4 14. exd4 Nxd4 15. Nxd4 Qxd4 16. 0-0 Rd8 17. Rad1 Qxc5 18. Rfe1 Be6 19. Be5 h6 20. Qe2 Rac8 21. Bxf6 Bxf6 22. Ne4 Qe5 23. Nxf6+ Qxf6 24. Qe4 g6 25. Qxb7 Rb8 26. Qxa7 Rxb2 27. a4 Rd4 28. a5 Qxf2+ 0-1

[Event "Wch Blitz (Women)"]
[Site "Riadh"]
[Date "2017.12.30"]
[Round "18"]
[White "Buksa, Nataliya"]
[Black "Batchimeg, Tuvshintugs"]
[Result "1-0"]
[WhiteElo "2385"]
[BlackElo "2398"]
[PlyCount "51"]
[EventDate "2017.12.29"]
[EventType "swiss (blitz)"]
[EventRounds "21"]
[EventCountry "SAU"]
[SourceTitle "CBM 182 Extra"]
[Source "ChessBase"]
[SourceDate "2018.02.23"]
[SourceVersion "1"]
[SourceVersionDate "2018.02.23"]
[SourceQuality "1"]

1. d4 Nf6 2. Nc3 d6 3. e4 g6 4. f4 Bg7 5. Nf3 0-0 6. e5 Ne8 7. Be3 b6 8. Qd2 Bb7 9. 0-0-0 Bxf3 10. gxf3 dxe5 11. fxe5 e6 12. h4 h5 13. Bd3 c6 14. Rhg1 Qxh4 15. Be4 Qe7 16. Bg5 Qd7 17. Bh6 Na6 18. Bxg7 Nxg7 19. Qh6 Nb4 20. Rg2 Nd5 21. Rdg1 Qe7 22. Bxg6 fxg6 23. Rxg6 Rf7 24. Ne4 Raf8 25. Nf6+ Nxf6 26. exf6 1-0

[Event "Wch Blitz (Women)"]
[Site "Riadh"]
[Date "2017.12.30"]
[Round "16"]
[White "Mkrtchian, Lilit"]
[Black "Batchimeg, Tuvshintugs"]
[Result "0-1"]
[WhiteElo "2376"]
[BlackElo "2398"]
[PlyCount "92"]
[EventDate "2017.12.29"]
[EventType "swiss (blitz)"]
[EventRounds "21"]
[EventCountry "SAU"]
[SourceTitle "CBM 182 Extra"]
[Source "ChessBase"]
[SourceDate "2018.02.23"]
[SourceVersion "1"]
[SourceVersionDate "2018.02.23"]
[SourceQuality "1"]

1. Nf3 b6 2. g3 Bb7 3. Bg2 Nf6 4. 0-0 e6 5. c4 c5 6. b3 Be7 7. Bb2 0-0 8. e3 d5 9. Nc3 dxc4 10. bxc4 Nc6 11. Qe2 Na5 12. d3 Bc6 13. Rab1 Qc7 14. Rfd1 Rfd8 15. Ne1 Bxg2 16. Nxg2 a6 17. Ba1 Rab8 18. f4 Qc6 19. a4 Qc7 20. g4 Nc6 21. g5 Ne8 22. Ne4 Nb4 23. Ne1 Qc6 24. Nc3 e5 25. fxe5 Bxg5 26. Nf3 Bh6 27. e4 Nc7 28. Nd5 Ncxd5 29. exd5 Qg6+ 30. Kh1 Re8 31. Bc3 a5 32. Nh4 Qg5 33. Ng2 Rbd8 34. Rg1 Qf5 35. Rbd1 Rd7 36. Rgf1 Qg5 37. Qf3 Rde7 38. Rf2 Qg6 39. Rg1 Nxd3 40. Re2 Nxe5 41. Bxe5 Rxe5 42. Nh4 Qd6 43. Nf5 Qf6 44. Rxe5 Rxe5 45. Nxh6+ Qxh6 46. d6 Qxd6 0-1